| 000 | 01250cam a2200385 a 4500 | ||
|---|---|---|---|
| 001 | 60617 | ||
| 003 | CO-BoRNBP | ||
| 005 | 20260225163315.0 | ||
| 007 | t | ||
| 008 | 010823s20011998mx a jr 00011 spa d | ||
| 020 | _a9681655397 | ||
| 040 |
_aCO-BoBLA _bspa _dCO-BoBLA _erda _cCO-BoRNBP |
||
| 041 |
_aspa _heng |
||
| 043 | _aa-ja--- | ||
| 082 | 0 | 4 |
_aI895.65 _bK47a _219 ed. |
| 084 | _aC KIT3 | ||
| 100 | 1 |
_aKitamura, Satoshi, _d1956- |
|
| 245 | 1 | 0 |
_aArdilla : _btiene hambre / _cSatoshi Kitamura ; traducción de Odette Smith. |
| 250 | _aPrimera edición | ||
| 264 |
_aMéxico D.F : _bFondo de Cultura Económica, _c2001. |
||
| 300 |
_a[14] páginas: _bilustraciones ; _c16 cm. |
||
| 336 |
_atext _btxt _2rdacontent |
||
| 337 |
_aunmediated _bn _2rdamedia |
||
| 338 |
_avolume _bnc _2rdacarrier |
||
| 534 | _tSquirrel is hungry. | ||
| 650 | 7 |
_aAnimales _vCuentos infantiles. _2BLAAUTO _943815 |
|
| 650 | 7 |
_aArdillas _v Cuentos infantiles. _2BLAAUTO _969263 |
|
| 650 | 7 |
_aCuentos infantiles japoneses. _2BLAAUTO |
|
| 700 | 1 |
_aSmith, Odette, _etraductor. |
|
| 830 | 0 | _aEmbajada de México-Colección 1. | |
| 830 | 0 |
_aLista Básica-Bibliotécas Públicas 1. _942791 |
|
| 942 |
_2ddc _cBK |
||
| 949 |
_an _bn |
||
| 960 | _aNormalizados-2025 | ||
| 999 |
_c60617 _d60617 |
||